| 000 | 00616nam a22002057a 4500 | ||
|---|---|---|---|
| 005 | 20241104153110.0 | ||
| 008 | 241104b |||||||| |||| 00| 0 eng d | ||
| 020 | _a9780273603160 | ||
| 050 |
_aTS155 _bSLA |
||
| 100 | _aSlack, Nigel | ||
| 245 |
_aOperations management _cby Nigel Slack, Stuart Chambers, Christine Harland, Alan Harrison, and Robert Johnston |
||
| 260 |
_aLondon _bPitman Publishing _c1995c |
||
| 300 | _axiv, 914p; ill. | ||
| 500 | _aIncludes index | ||
| 700 | _aChambers, Stuart | ||
| 700 | _aHarland, Christine | ||
| 700 | _aHarrison, Alan | ||
| 700 | _aJohnston, Robert | ||
| 942 |
_2lcc _cBK _n0 |
||
| 999 |
_c587 _d587 |
||